| 000 | 00525nam a2200229Ia 4500 | ||
|---|---|---|---|
| 003 | 0100 | ||
| 008 | 130307s9999 xx 000 0 und d | ||
| 020 | _a0534007902 | ||
| 040 | _cARRUPELIB | ||
| 050 | _aBD21.H62 | ||
| 100 | _aHocutt, Max | ||
| 245 | _aFirst philosophy | ||
| 245 | _ban introduction to philosophical issues | ||
| 260 | _aCalifornia | ||
| 260 | _bWadsworth Publishing Company | ||
| 260 | _c1980 | ||
| 300 | _a246p. | ||
| 300 | _b24cm. | ||
| 650 | _aPHILOSOPHY | ||
| 650 | _bEthics | ||
| 942 | 0 | 0 | _06 |
| 999 |
_c94375 _d94375 |
||